Central Library OPAC University of Rajshahi

India : (Record no. 25677)

MARC details
000 -LEADER
fixed length control field 00732nam a2200253 4500
001 - CONTROL NUMBER
control field 25677
003 - CONTROL NUMBER IDENTIFIER
rucl marc code BD-RjUL
005 - DATE AND TIME OF LATEST TRANSACTION
control field 20211209050918.0
008 - FIXED-LENGTH DATA ELEMENTS--GENERAL INFORMATION
fixed length control field 140319s1969 ii b b 001 0 eng
035 ## - SYSTEM CONTROL NUMBER
System control number (BD-RjUL)25747
040 ## - CATALOGING SOURCE
Original cataloging agency DLC
Transcribing agency DLC
Modifying agency DLC
-- BD-RjUL
Language of cataloging eng
041 ## - LANGUAGE CODE
Language code of text/sound track or separate title eng
082 00 - DEWEY DECIMAL CLASSIFICATION NUMBER
Classification number 915.403
Author mark and year CHI 1969
100 1# - MAIN ENTRY--PERSONAL NAME
Personal name Chopra, Maharaj K.
9 (RLIN) 78887
245 10 - TITLE STATEMENT
Title India :
Statement of responsibility, etc. by Maharaj K. Chopra.
Remainder of title the search for power /
260 ## - PUBLICATION, DISTRIBUTION, ETC. (IMPRINT)
Place of publication, distribution, etc. Bombay :
Name of publisher, distributor, etc. Lalvani Pub. House,
Date of publication, distribution, etc. c1969.
300 ## - PHYSICAL DESCRIPTION
Pagination xi, 336 p. :
Illustrations maps ;
Size 23 cm.
350 ## - PRICE (NR) (BK AM CF MU VM SE) [OBSOLETE]
Price 30.00
504 ## - BIBLIOGRAPHY, ETC. NOTE
Bibliography, etc Includes "Select bibliography": p. 327-331 and index.
651 #0 - SUBJECT ADDED ENTRY--GEOGRAPHIC NAME
Geographic name India
General subdivision Civilization.
9 (RLIN) 78888
942 ## - ADDED ENTRY ELEMENTS (KOHA)
Source of classification or shelving scheme Dewey Decimal Classification
Koha item type Books
Holdings
Lost status Source of classification or shelving scheme Damaged status Not for loan Collection code Permanent Location Current Location Shelving location Date acquired Source of acquisition Total Checkouts Full call number Date last seen Copy number Koha item type
  Dewey Decimal Classification   Added to bundle Non-fiction Central Library, University of Rajshahi Central Library, University of Rajshahi Reading Room 05/07/1974 India Govt   915.403 CHI 1969 19/03/2014 C-1 Books